Find the Gray Things (Blitz) Quiz Stats

 Plays Quiz Updated Aug 24, 2018

Score 0/20 Timer 01:00
7 Plays Today
% Correct
Elephant
95.1%
Refrigerator
94.9%
Moon
94.8%
Koala
94.8%
Duct Tape
94.7%
Tin Cans
94.6%
Trophy
94.5%
African Grey
Parrot
94.5%
Laptop
94.4%
Mazda Logo
94.2%
% Correct
Tom
94.1%
Cinder Block
93.7%
Fork
93.6%
Wrench
92.8%
Coins
92.6%
Iron Giant
91.8%
Chinchilla
90.9%
Needle
90.4%
Mercury
88.4%
Rhyhorn
86.7%

You're not logged in!

Compare scores with friends on all Sporcle quizzes.
OR
Log In

Show Comments

Extras

Top Quizzes Today


Score Distribution

Your Account Isn't Verified!

In order to create a playlist on Sporcle, you need to verify the email address you used during registration. Go to your Sporcle Settings to finish the process.

Report this User

Report this user for behavior that violates our Community Guidelines.

Details: